00652nam a22001817a 4500008004100000020001500041041000800056080000800064100003300072245006400105260003600169300002900205500007300234500007700307500004100384650003400425650001100459140521b xxu||||| |||| 00| 0 ger d a39011130290 ager a378 aBast, Geral; Vodrazka, Karl;10aUniversität und drittmittel :cGeral Bast, Karl Vodrazka; aWien:bApple Macintosh; c1990. a463 f.:bme il.;c20 cm. aVorwort des bundesministers fur wissenschaft und forschung: f. I-III aVorwort des vorsitzenden der osterreichischen rektorenkonferenz: f. V-VI aVorwort des projektleiters: f. VII-X 0aFinancimi ndërkombätarä 02Arsimi